00445nam a2200193Ia 4500003000900000008004100009040001300050040001300063041000800076100002300084245005900107250001200166260001400178260000900192300001100201300001000212490002300222490000600245IT-RoPAU120407s9999 xx 000 0 und d aIT-RoPAU cIT-RoPAU aita aSilvano Petrosino  aLa verità nomade. Introduzione di Emmanuel Lévinas aMilano  aJaca Book c1980 a215 p. c18 cm aGià e non ancora v1